000 00470nam a22001577a 4500
003 OSt
005 20151117150359.0
008 151117b xxu||||| |||| 00| 0 eng d
040 _cRUA
082 _aFIS ទ្រឿង 1991 B145 Or.1
100 _93804
_aទ្រឿង រដ្ឋ
245 _aការចិញ្ចឹមចំរុះ ត្រីកាបសាមញញ
260 _aPhnom Penh
_bRUA
_c1991
300 _a111P.
_bill.
_c29cm.
942 _2ddc
_cFIS
999 _c3536
_d3536